[Event "Landesliga Sued U20 1819"]
[Site "Bayern"]
[Date "2019.02.09"]
[Round "6.1"]
[White "Weisheit, Erik"]
[Black "Maillinger, Michael"]
[Result "1-0"]
[WhiteElo "1899"]
[BlackElo "1636"]
[PlyCount "65"]
[EventDate "2018.11.17"]
[EventType "team-tourn"]
[EventRounds "7"]
[EventCountry "GER"]
[SourceTitle "EXT 2022"]
[Source "ChessBase"]
[SourceDate "2021.10.06"]
[SourceVersion "1"]
[SourceVersionDate "2021.10.06"]
[SourceQuality "1"]
[WhiteTeam "Augsburg SF U20 II"]
[BlackTeam "Dorfen PSV U20"]
[WhiteTeamCountry "GER"]
[BlackTeamCountry "GER"]

1. e4 c5 2. Nf3 d6 3. d4 cxd4 4. Nxd4 Nf6 5. Nc3 a6 6. f3 e5 7. Nb3 Be7 8. Be3 0-0 9. Qd2 Nbd7 10. g4 b5 11. g5 Nh5 12. Nd5 f5 13. Nxe7+ Qxe7 14. Qd5+ Qf7 15. Qxa8 fxe4 16. Qxe4 d5 17. Qg4 Nb6 18. Qg2 d4 19. Bd2 Bb7 20. Be2 Nd5 21. 0-0-0 Ndf4 22. Qf2 Nxe2+ 23. Qxe2 Bxf3 24. Qxe5 Bxh1 25. Rxh1 Qf3 26. Re1 d3 27. Qe6+ Kh8 28. Qe3 Qc6 29. Qxd3 Rc8 30. Nd4 Qc5 31. Qh3 Qc4 32. Qxh5 g6 33. Qh3 1-0

[Event "Landesliga U20 Sued 1718"]
[Site "Bayern"]
[Date "2018.03.10"]
[Round "6.2"]
[White "Maillinger, Michael"]
[Black "Moufang, Andreas"]
[Result "0-1"]
[WhiteElo "1582"]
[BlackElo "1402"]
[PlyCount "68"]
[EventDate "2017.11.18"]
[EventType "team-tourn"]
[EventRounds "7"]
[EventCountry "GER"]
[SourceTitle "EXT 2022"]
[Source "ChessBase"]
[SourceDate "2021.10.06"]
[SourceVersion "1"]
[SourceVersionDate "2021.10.06"]
[SourceQuality "1"]
[WhiteTeam "Dorfen PSV U20"]
[BlackTeam "Haar U20"]
[WhiteTeamCountry "GER"]
[BlackTeamCountry "GER"]

1. Nf3 b6 2. g3 Bb7 3. Bg2 Nf6 4. d4 e6 5. 0-0 c5 6. c4 cxd4 7. Qxd4 Bc5 8. Qc3 h6 9. Rd1 0-0 10. a3 Ne4 11. Qc2 Nxf2 12. Kf1 Nxd1 13. Qxd1 Qf6 14. Nc3 Rd8 15. Bf4 g5 16. Be5 Qf5 17. Bc7 Rc8 18. Bxb8 Raxb8 19. b4 Be3 20. Nb5 Rd8 21. Nd6 Qf6 22. h3 h5 23. g4 Qf4 24. Qd3 hxg4 25. hxg4 Bxf3 26. Bxf3 Bd4 27. Rd1 Qxd6 28. Qxd4 Qxd4 29. Rxd4 Kg7 30. Kf2 Rbc8 31. Be4 e5 32. Rd5 Rxc4 33. Rxe5 f6 34. Re7+ Kf8 0-1

[Event "Landesliga U20 Sued 1718"]
[Site "Bayern"]
[Date "2018.03.10"]
[Round "7.2"]
[White "Maillinger, Michael"]
[Black "Rahmani, Leondrit"]
[Result "0-1"]
[WhiteElo "1582"]
[BlackElo "1552"]
[PlyCount "78"]
[EventDate "2017.11.18"]
[EventType "team-tourn"]
[EventRounds "7"]
[EventCountry "GER"]
[SourceTitle "EXT 2022"]
[Source "ChessBase"]
[SourceDate "2021.10.06"]
[SourceVersion "1"]
[SourceVersionDate "2021.10.06"]
[SourceQuality "1"]
[WhiteTeam "Dorfen PSV U20"]
[BlackTeam "Unterhaching U20"]
[WhiteTeamCountry "GER"]
[BlackTeamCountry "GER"]

1. Nf3 d5 2. d4 Nf6 3. g3 Bf5 4. Bg2 e6 5. 0-0 c5 6. c4 Be4 7. Nbd2 Nc6 8. cxd5 Bxd5 9. Qa4 cxd4 10. Rd1 Bc5 11. Nb3 Bxb3 12. Qxb3 Qb6 13. Qa4 0-0 14. a3 a5 15. Qc2 Rfd8 16. Bg5 Be7 17. e3 h6 18. Bf4 Rac8 19. Rac1 Na7 20. Qb1 dxe3 21. Bxe3 Qa6 22. Nd4 Nd5 23. Bxd5 Rxd5 24. Rxc8+ Nxc8 25. Rc1 Rc5 26. Nf5 Rc6 27. Nxe7+ Nxe7 28. Rd1 Rd6 29. Rc1 Nc6 30. Qc2 Qd3 31. Qxd3 Rxd3 32. Kf1 Rb3 33. Rc2 Kh7 34. Ke2 Ne5 35. Bd2 a4 36. Bc3 Nd7 37. Rd2 Nb6 38. Rd4 Nd5 39. Rxa4 Rxc3 0-1

[Event "Landesliga U20 Sued 1718"]
[Site "Bayern"]
[Date "2017.12.02"]
[Round "2.2"]
[White "Maillinger, Michael"]
[Black "Kling, Maximilian"]
[Result "1/2-1/2"]
[WhiteElo "1582"]
[BlackElo "1756"]
[PlyCount "95"]
[EventDate "2017.11.18"]
[EventType "team-tourn"]
[EventRounds "7"]
[EventCountry "GER"]
[SourceTitle "EXT 2022"]
[Source "ChessBase"]
[SourceDate "2021.10.06"]
[SourceVersion "1"]
[SourceVersionDate "2021.10.06"]
[SourceQuality "1"]
[WhiteTeam "Dorfen PSV U20"]
[BlackTeam "Kriegshaber SK U20"]
[WhiteTeamCountry "GER"]
[BlackTeamCountry "GER"]

1. e4 e6 2. d4 d5 3. exd5 exd5 4. Bd3 Bd6 5. Nf3 Ne7 6. c3 Bg4 7. Be3 c6 8. Nbd2 Nd7 9. Qc2 Qc7 10. h3 Bh5 11. Nh4 0-0-0 12. g4 Bg6 13. Nxg6 Nxg6 14. 0-0-0 Nf4 15. Bxf4 Bxf4 16. Rde1 Rde8 17. Bf5 Kb8 18. Bxd7 Qxd7 19. Kd1 h5 20. f3 g6 21. Qd3 Bg3 22. Rxe8+ Qxe8 23. Rg1 Bf2 24. Rf1 Qe3 25. Qxe3 Bxe3 26. Re1 Bg5 27. Re5 Bf6 28. Re2 hxg4 29. hxg4 Bg5 30. Rf2 Bf4 31. Re2 Bd6 32. Rf2 Kc7 33. Ke2 Bf4 34. Kd3 Rh3 35. Nf1 Kd7 36. Ne3 Ke7 37. Ng2 Bd6 38. Re2+ Kf6 39. Ke3 Kg5 40. Kf2 Bg3+ 41. Ke3 Bd6 42. Ne1 Bf4+ 43. Kf2 Rh2+ 44. Ng2 Rh3 45. Re7 Bg3+ 46. Kg1 Bh2+ 47. Kf2 Bg3+ 48. Kg1 1/2-1/2